João e os feijões mágicos (Registo nº 6077)
[ vista simples ]
| 000 -Etiqueta do registo | |
|---|---|
| Valores | 00700cam a22002291 04500 |
| 100 ## - Dados gerais de processamento | |
| Dados gerais | 20211231d1982 a||y0pory5003 ba |
| 200 1# - Titulo e menção de responsabilidade | |
| Título próprio | João e os feijões mágicos |
| Primeira menção de responsabilidade | trad. Cristina Fernandes |
| Outras menções de responsabilidade | il. Agnés Molnar |
| 210 #9 - Publicação | |
| Local de publicação | Lisboa |
| Nome do editor | Plátano, |
| Data de publicação | [D.L. 1982] |
| 215 ## - Descrição física | |
| Paginação / Volumes | 19 p. |
| Outras indicações físicas | il. |
| Dimensões | 16 cm |
| 225 2# - Colecção | |
| Título próprio da colecção | Contos ao luar |
| 304 ## - Nota relativa ao título | |
| Texto de nota | T�it. orig.: Jack et les haricots magiques |
| 606 ## - Nome comum usado como assunto | |
| ID Autoridade | 14 |
| Palavra de ordem | Literatura infantil |
| 606 ## - Nome comum usado como assunto | |
| ID Autoridade | 13 |
| Palavra de ordem | Literatura Estrangeira |
| 675 ## - CDU | |
| Notação | 82-93 |
| Edição | BN |
| Língua | por |
| 675 ## - CDU | |
| Notação | 821.1/.8 |
| Edição | BN |
| Língua | por |
| 702 ## - Autor secundário (pessoa individual) | |
| Apelido | Molnar |
| Nome | Agnés |
| ID Autoridade | 5784 |
| 702 ## - Autor secundário (pessoa individual) | |
| Apelido | Fernandes |
| Nome | Cristina |
| ID Autoridade | 5415 |
| 801 #0 - Fonte de origem | |
| País | PT |
| Agência | BMVN |
| Regras de catalogação | RPC |
| 830 ## - Notas gerais do catalogador | |
| Criado por | Ana Caetano |
| Data de criação | 31/12/2021 |
| 990 ## - Elementos KOHA | |
| Tipo de documento | Livro |
| Situação do levantamento | Biblioteca de origem | Código de barras | Cota | Permissão de empréstimo | Tipo de documento | Forma de aquisição |
|---|---|---|---|---|---|---|
| Biblioteca Municipal de Vendas Novas | 100000008621 | LI EST/MOL | Livro |